000 00614nam a2200193 i 4500
001 75849
003 ES-MaACL
005 20260227183635.0
007 t|
008 040928s1968 sp ||||1| spa d
100 1 _aGrumelli, Antonio.
_960240
245 1 0 _aSociología del Catolicismo /
_cAntonio Grumelli ; [traductor, José Verde Aldea].
250 _a[1ª ed.].
260 _aBarcelona :
_bInstituto Católico de Estudios Sociales,
_c1968.
300 _a183 p. ;
_c19 cm.
700 1 _aVerde i Aldea, Josep,
_d1928-2017
_9242878
852 _aES-MaACL
_jC-50998
_bR.68150
999 _c75849
_d75849